Divining the asian zodiac : (Record no. 2675)

MARC details
000 -LEADER
fixed length control field 00653nam a22002297a 4500
001 - CONTROL NUMBER
control field
003 - CONTROL NUMBER IDENTIFIER
control field URS
005 - DATE AND TIME OF LATEST TRANSACTION
control field 20220114142231.0
008 - FIXED-LENGTH DATA ELEMENTS--GENERAL INFORMATION
fixed length control field 200304s2007 a|||| |||| 00| 0 eng d
020 ## - INTERNATIONAL STANDARD BOOK NUMBER
International Standard Book Number 9780893469498 (pbk.)
040 ## - CATALOGING SOURCE
Transcribing agency URS
Language of cataloging eng
Modifying agency rda
050 00 - LIBRARY OF CONGRESS CALL NUMBER
Classification number BF 1714
Item number S55999 2007
082 ## - DEWEY DECIMAL CLASSIFICATION NUMBER
Classification number
Edition number
100 1# - MAIN ENTRY--PERSONAL NAME
Personal name Shiozawa, Fumio,
Dates associated with a name
245 10 - TITLE STATEMENT
Title Divining the asian zodiac :
Remainder of title ancient guide to life and love /
Statement of responsibility, etc. Fumio Shiozawa.
260 ## - PUBLICATION, DISTRIBUTION, ETC.
Place of publication, distribution, etc. Berkeley, Calif. :
Name of publisher, distributor, etc. Heian/Stone Bridge Press,
Date of publication, distribution, etc. [2007]
300 ## - PHYSICAL DESCRIPTION
Extent 127 pages :
Other physical details colored illustrations ;
Dimensions 25 cm.
505 0# - FORMATTED CONTENTS NOTE
Formatted contents note In
650 #0 - SUBJECT ADDED ENTRY--TOPICAL TERM
Topical term or geographic name entry element Astrology, Chinese.
856 41 - ELECTRONIC LOCATION AND ACCESS
Materials specified
Uniform Resource Identifier <a href=" "> </a>
942 ## - ADDED ENTRY ELEMENTS (KOHA)
Source of classification or shelving scheme Library of Congress Classification
Koha item type Foreign Books
Holdings
Withdrawn status Source of classification or shelving scheme Damaged status Not for loan Collection code Home library Current library Shelving location Date acquired Total Checkouts Full call number Barcode Date last seen Price effective from Koha item type
  Library of Congress Classification     Non-fiction Cainta College Library Cainta College Library On Display 04/11/2016   BF 1714.S55999 2007 URSCAI-3436 04/11/2016 01/21/2019 Foreign Books

University of Rizal System
Email us at univlibservices@urs.edu.ph

Visit our Website www.urs.edu.ph/library